| 000 | 00842nam a2200241Ia 4500 | ||
|---|---|---|---|
| 008 | 160319s9999 xx 000 0 und d | ||
| 245 | _aJerusalem : | ||
| 245 | _bhistory of the holy land / | ||
| 245 | _cDiscovery Channel ; Discovery Channel Education. | ||
| 260 | _aQuezon City : | ||
| 260 | _bDistributed by MagnaVision Inc., | ||
| 260 | _c2005 | ||
| 300 | _a1 videodisc (approximately 52 min.) : | ||
| 300 | _bdigital, sound color ; | ||
| 300 | _c4 3/4 in. | ||
| 440 | _aDiscovery Channel School. History. | ||
| 500 | _aHistory : Grade Level 6-12.; Summary retrieved from WorldCat, June 20, 2013. | ||
| 650 | _a Jerusalem. | ||
| 700 | _aDe Leon Edward., author. | ||
| 700 | _aDiscovery Channel Education (Firm), corporate. | ||
| 700 | _aHistory of the holy land., title. | ||
| 700 | _aHolt, Helen Devitt., author. | ||
| 999 |
_c292402 _d292402 |
||